Univerzálna schéma pre riešenie problémov v praxi

Všeobecný postup pri riešení problémov, pri ktorých má dominantné postavenie podpora rozhodovania a analýza dát. Klasifikácia a vymedzenie problému. Vytvorenie sociotechnického systému. Štúdium, riešenie a výsledok riešenia problému. Ostránenie problému.

Salvato in:
Dettagli Bibliografici
Autore principale: Koróny, Samuel
Natura: Capitolo di libro
Lingua:slovacco
Soggetti:
Tags: Aggiungi Tag
Nessun Tag, puoi essere il primo ad aggiungerne!!

MARC

LEADER 00000naa$a2200000$$$4500
001 0088516
005 20220322131451.8
041 0 |a slo 
044 |a SK 
245 1 0 |a Univerzálna schéma pre riešenie problémov v praxi  |c Samuel Koróny 
520 |a Všeobecný postup pri riešení problémov, pri ktorých má dominantné postavenie podpora rozhodovania a analýza dát. Klasifikácia a vymedzenie problému. Vytvorenie sociotechnického systému. Štúdium, riešenie a výsledok riešenia problému. Ostránenie problému. 
610 2 0 |a procesy rozhodovacie 
610 2 0 |a rozhodovanie 
610 2 0 |a analýzy 
100 1 |a Koróny, Samuel